书目信息 |
| 题名: |
反馈控制系统设计与分析
|
|
| 作者: | 薛定宇 著 | |
| 分册: | ||
| 出版信息: | 北京 清华大学出版社 2000.04 |
|
| 页数: | 405页 | |
| 开本: | 26cm | |
| 丛书名: | ||
| 单 册: | ||
| 中图分类: | TP271 | |
| 科图分类: | ||
| 主题词: | 算法语言--应用--反馈控制系统 | |
| 电子资源: | ||
| ISBN: | 7-302-00853-1 | |
| 000 | 00865nam0 2200253 450 | |
| 001 | 012002034584 | |
| 005 | 20050821143010.85 | |
| 010 | @a7-302-00853-1@dCNY36.00 | |
| 100 | @a20020419d2000 em y0chiy0110 ea | |
| 101 | 0 | @achi |
| 102 | @aCN@b110000 | |
| 105 | @aa z 001yy | |
| 200 | 1 | @a反馈控制系统设计与分析@Afan kui kong zhi xi tong she ji yu fen xi@eMATLAB语言应用@f薛定宇著@Fxue ding yu zhu |
| 210 | @a北京@c清华大学出版社@d2000.04 | |
| 215 | @a405页@c图@d26cm | |
| 320 | @a有索引。 | |
| 330 | @a本书系统地介绍了反馈控制系统分析与设计的理论问题,并介绍了MATLAB语言及相应工具箱在控制系统分析与设计中的应用。 | |
| 517 | 1 | @aMATLAB语言应用@AMATLAB yu yan ying yong |
| 606 | 0 | @a算法语言@x应用@x反馈控制系统 |
| 610 | 0 | @aMATLAB |
| 690 | @aTP271@v4 | |
| 701 | 0 | @a薛定宇@Axue ding yu@4著 |
| 801 | 0 | @aCN@bQSSK@c20050821 |
| 905 | @a10447@dTP271@eX944 | |
| 反馈控制系统设计与分析:MATLAB语言应用/薛定宇著.-北京:清华大学出版社,2000.04 |
| 405页:图;26cm |
| ISBN 7-302-00853-1:CNY36.00 |
| 本书系统地介绍了反馈控制系统分析与设计的理论问题,并介绍了MATLAB语言及相应工具箱在控制系统分析与设计中的应用。 |
| ● |
| 相关链接 |
|
|
|
正题名:反馈控制系统设计与分析
索取号:TP271/X944
 
预约/预借
| 序号 | 登录号 | 条形码 | 馆藏地/架位号 | 状态 | 备注 |
| 1 | 561746 | 205617466 | 自科二线400A/400A自科库 5排1列2层/ [索取号:TP271/X944] | 在馆 | |
| 2 | 561747 | 205617475 | 自科库301/301自科库 41排4列5层/ [索取号:TP271/X944] | 在馆 | |
| 3 | 561748 | 205617484 | 自科库301/301自科库 41排4列5层/ [索取号:TP271/X944] | 在馆 |